00566nam a2200193 a 4500001001300000003000900013005001700022008004100039020002700080082001600107100002200123245003800145260004900183300000900232500003500241505005200276650002200328700002200350nice12345678IN_TiNIC20260116013729.0050524s1994 alba grp 000 0 eng  a0791466 c1155.7500a297.63bPET aPeters, Francis E aMuhammad and the Origins of Islam aAlbany bState University of New York c1994 a334p aincludes index and biblioraphy2 aSelrcted Bibliography, Abbreviation, Commentary aMuhammad, Prophet1 aPeters, Francis E